| 000 | 00000nam##2200000za#4500 |
| 001 | 9.644238 |
| 003 | CaOODSP |
| 005 | 20250206125413 |
| 007 | cr ||||||||||| |
| 008 | 150407|1999||||xxc|||||o f|0| 0 fre|d |
| 040 | |aCaOODSP|bfre |
| 043 | |an-cn--- |
| 086 | 1 |aA22-195/1999F-PDF |
| 110 | 2 |aAgence canadienne d'inspection des aliments. |
| 245 | 10|aL'industrie agricole et agroalimentaire et le bogue de l'an 2000 |h[ressource électronique] |
| 260 | |aOttawa - Ontario : |bAgence canadienne d'inspection des aliments |c1999. |
| 300 | |a8p. |
| 500 | |a«Cette brochure a été conçue pour vous aider à comprendre le bogue de l'an 2000, les répercussions qu'il peut avoir sur vos opérations et les mesures que vous devrez prendre afin d'assurer la conformité de vos systèmes à l'an 2000.»--Page 1. |
| 500 | |aPublication historique numérisée par Agriculture et Agroalimentaire Canada. |
| 590 | |a15-02-Supp|b2015-02-16 |
| 691 | 07|aProtection civile|2gcpds |
| 691 | 07|aTechnologie agricole|2gcpds |
| 691 | 07|aExploitation agricole|2gcpds |
| 775 | 08|tY2K and the agriculture and agri-food industry |w(CaOODSP)9.700342 |
| 856 | 40|ahttp://publications.gc.ca|qPDF|s476 Ko|uhttps://publications.gc.ca/collections/collection_2015/aac-aafc/A22-195-1999-fra.pdf |
| 986 | |aPublication 2009/F |